000 00554nam a22001937a 4500
003 koha_MIRAKIL
005 20250619150406.0
008 231213b |||||||| |||| 00| 0 ||| d
020 _a9786051142302
040 _aTR-IsEVY
_btur
_cTR-IsEVY
082 _a398.2 ALT
100 _açeviren Aliya Vodovozova.
245 0 _aAltın balık
_bRus halk masalları
260 _bTimaş Yayınları,
_c2010
300 _a63 s.
650 _aChildren's literature -- Tales -- Russia.
650 _aÇocuk edebiyatı -- Masallar -- Rusya.
942 _2ddc
_cBK
999 _c11152
_d11152